Statistics for Shared Islands

Click here to take the quiz!

General Stats

  • This quiz has been taken 47 times
  • The average score is 28 of 35

Answer Stats

IslandCountries% Correct
New GuineaIndonesia
100%
Sebatik IslandIndonesia
100%
Indonesia
100%
Indonesia
100%
Malaysia
100%
Malaysia
100%
BorneoBrunei
98%
United Kingdom
98%
United Kingdom
98%
CyprusCyprus
95%
HispaniolaDominican Republic
95%
TimorEast Timor
95%
Haiti
95%
Papua New Guinea
95%
IrelandIreland
93%
Saint MartinFrance
91%
Isla Grande de
Tierra del Fuego
Argentina
88%
Chile
88%
Netherlands
86%
Russia
81%
United States
72%
KoiluotoFinland
70%
KatajaFinland
70%
MärketFinland
70%
Sweden
70%
Sweden
70%
Dall IslandCanada
63%
Northern Cyprus
63%
Passport IslandBahrain
51%
Saudi Arabia
49%
United Nations
49%
UsedomGermany
47%
Poland
47%
Ukraine
37%
Nova Zemlya IslandRomania
35%

Score Distribution

Percentile by Number Answered

Percent of People with Each Score

Your Score History

You have not taken this quiz